000
00501nam a2200181Ia 4500
008
090123s9999 xx 000 0 und d
082
_b
17932
100
_a
चिटणीस अशोक
245
_a
साप शिडी
250
_a
0
260
_b
अनघा प्रकाशन
300
_a
128
600
_a
चिटणीस अशोक
630
_a
साप शिडी
700
_a
चिटणीस अशोक
730
_a
साप शिडी
942
_c
BOOK
999
_c
55992
_d
55992